000
00353nam a2200145Ia 4500
008
100122s9999 xx 000 0 und d
082
_b
52536
_a
823
100
_a
बोरकर वि ज
245
_a
वंश
260
_b
मौज प्रकाशन
_c
1996
300
_a
103
630
_a
वंश
730
_a
वंश
942
_c
BOOK
999
_c
429712
_d
429709